原神所有五星武器名(更新至4.6) - Statistics

General Stats
  • This quiz has been taken 53 times
    28 since last reset
  • The average score is 26 of 45
Answer Stats
类型 名称 % Correct
双手剑 天空之傲
91%
单手剑 雾切之回光
86%
双手剑 狼的末路
86%
长柄武器 天空之脊
86%
法器 天空之卷
86%
单手剑 天空之刃
77%
长柄武器 护摩之杖
73%
长柄武器 薙草之稻光
73%
天空之翼
73%
单手剑 风鹰剑
68%
阿莫斯之弓
68%
单手剑 磐岩结绿
64%
单手剑 苍古自由之誓
64%
单手剑 波乱月白经津
64%
若水
64%
双手剑 松籁响起之时
59%
长柄武器 和璞鸢
59%
长柄武器 贯虹之槊
59%
法器 四风原典
59%
法器 万世流涌大典
59%
飞雷之弦振
59%
单手剑 圣显之钥
55%
单手剑 静水流涌之辉
55%
法器 不灭月华
55%
冬极白星
55%
最初的大魔术
55%
单手剑 斫峰之刃
50%
单手剑 有乐御簾切
50%
法器 神乐之真意
50%
法器 图莱杜拉的回忆
50%
终末嗟叹之诗
50%
猎人之径
50%
单手剑 裁叶萃光
45%
法器 碧落之珑
45%
双手剑 无工之剑
41%
双手剑 裁断
41%
长柄武器 赤沙之杖
41%
法器 尘世之锁
41%
法器 千夜浮梦
41%
法器 金流监督
41%
双手剑 赤角石溃杵
36%
双手剑 苇海信标
36%
长柄武器 息灾
36%
长柄武器 赤月之形
36%
法器 鹤鸣余音
27%
No matching quizzes found
Score Distribution
Percent of People with Each Score
Percentile by Number Answered
Your Score History
You have not taken this quiz since the last reset